000 00497nam a22001577a 4500
999 _c155718
_d155718
010 _aB-120316, B-120317
020 _a8173413312
_c300.00
035 _aB-120316, B-120317, B-120318
037 _bBPPD/PUB
100 _aRanchan, Som
245 _aRevisioning shiva /
_cby Som Ranchan
260 _aNew delhi
_bIndian publishers distributors
_c2004
270 _a156-D, Kamla nagar
_bNew delhi
_e110007
300 _axii, 118p.
_c22cm(Hb)
942 _2ddc
_cEN
_h230.31
_mRAN